| 000 | 01233nam a2200229Ia 4500 | ||
|---|---|---|---|
| 001 | L200-53037 | ||
| 003 | IT-CnALBA | ||
| 008 | 170116s9999||||xx |||||||||||||| ||und|| | ||
| 040 |
_aIT-CnALBA _cIT-CnALBA |
||
| 041 | _aITALIANO | ||
| 100 | _aKLINGER ELMAR | ||
| 245 | 0 | _aL'ASSOLUTO NEL QUOTIDIANO. LA TEOLOGIA SPIRITUALE DI KARL RAHNER. | |
| 250 | _a1a ed. | ||
| 260 |
_a PADOVA _bMESSAGGERO EDIZIONI _c1998 [1° Ed.:1998 - Ed.Ling.Originale: 1998] |
||
| 300 | _a96 p. | ||
| 500 | _aTEOLOGIA SPIRITUALE. CURATORE RENZO G. PRESENTAZIONE. ALLA SCOPERTA DEL MISTERO. CONTINUA RICERCA DI DIO. VITA E OPERA DI K. RAHNER. IL CRISTIANO ANONIMO E L'ANONIMITA' DI DIO. IL CRISTIANO DEL FUTURO. IL MISTERO ASSOLUTO. INCONTRO GESÙ NEGLI ESTRANEI. SC | ||
| 501 | _aSocietà San Paolo EM - Piazza San Paolo, 14 - 12051 ALBA (CN) (non commercial uses only) ® Copyright 2017 | ||
| 520 | _aTEOLOGIA SPIRITUALE. CURATORE RENZO G. PRESENTAZIONE. ALLA SCOPERTA DEL MISTERO. CONTINUA RICERCA DI DIO. VITA E OPERA DI K. RAHNER. IL CRISTIANO ANONIMO E L'ANONIMITA' DI DIO. IL CRISTIANO DEL FUTURO. IL MISTERO ASSOLUTO. INCONTRO GESÙ NEGLI ESTRANEI. SC | ||
| 650 | _aRELIGIONE - RELIGIONE CRISTIANA | ||
| 942 | _cBK | ||
| 957 | _71 | ||
| 999 |
_a70527 _bNO _g Copie: 1 _c311921 _d311921 |
||